000
00343 a2200169 4500
001
72713
020
_a
852621926X
040
_c
Anchieta - Colégio São Paulo
100
_a
Sabino, Eliana
240
1
0
_a
Kim
_l
por
245
1
0
_a
Kim
300
_a
128
362
0
_a
1999
440
1
_a
Scipione
650
4
_a
Literatura juvenil
942
_c
BK
999
_c
72713
_d
72713